书目信息 |
| 题名: |
单片机原理与C语言程序设计
|
|
| 作者: | 付先成 , 高恒强 , 蔡红娟 编著 | |
| 分册: | ||
| 出版信息: | 武汉 华中科技大学出版社 2015.8 |
|
| 页数: | 208页 | |
| 开本: | 26cm | |
| 丛书名: | 普通高等学校机械专业卓越工程师教育培养计划系列教材 | |
| 单 册: | ||
| 中图分类: | TP368.1 | |
| 科图分类: | ||
| 主题词: | 单片微型计算机--dan pian wei xing ji suan ji--高等学校--教材 , C语言--Cyu yan--程序设计--高等学校--教材 | |
| 电子资源: | ||
| ISBN: | 978-7-5680-0851-8 | |
| 000 | 01846nam 2200313 450 | |
| 001 | 0100004179 | |
| 005 | 20150929155325.7 | |
| 010 | @a978-7-5680-0851-8@dCNY28.00 | |
| 100 | @a20150821d2015 em y0chiy0121 ea | |
| 101 | 0 | @achi |
| 102 | @aCN@b420000 | |
| 105 | @aak a 000yy | |
| 106 | @ar | |
| 200 | 1 | @a单片机原理与C语言程序设计@Adan pian ji yuan li yu Cyu yan cheng xu she ji@f付先成, 高恒强, 蔡红娟编著 |
| 210 | @a武汉@c华中科技大学出版社@d2015.8 | |
| 215 | @a208页@c图@d26cm | |
| 225 | 2 | @a普通高等学校机械专业卓越工程师教育培养计划系列教材@Apu tong gao deng xue xiao ji xie zhuan ye zhuo yue gong cheng shi jiao yu pei yang ji hua xi lie jiao cai |
| 320 | @a有书目 | |
| 330 | @a本书通篇以C语言为编程实例, 以89C51单片机为核心, 系统介绍单片机原理及其接口技术的教材。内容包括89C51单片机的硬件结构、指令系统、C语言程序设计、定时器/计数器、中断系统、串行通讯、并行总线扩展、键盘与显示接口、A/D与D/A接口, 以及单片机应用系统设计实例。本着使读者能够快速掌握单片机基本知识、培养实际应用开发能力, 本书力求在内容取舍、编排顺序、问题阐述和教学方法上有所改进。为此, 第5-8章内容都采用了渐进式的结构安排, 帮助学生对知识的理解; 通过引入C语言程序设计和实例分析, 培养学生的实际应用开发能力; 同时也注重新技术的介绍, 引入了彩色液晶接口技术, 为现代智能显示终端的接口应用提供了很好的参考。 | |
| 333 | @a可作为高等院校机械、电子、控制、计算机等专业的单片机课程教材, 也可供从事单片机应用与产品开发的工程技术人员参考 | |
| 410 | 0 | @12001 @a普通高等学校机械专业卓越工程师教育培养计划系列教材 |
| 606 | 0 | @a单片微型计算机@Adan pian wei xing ji suan ji@x高等学校@j教材 |
| 606 | 0 | @aC语言@ACyu yan@x程序设计@x高等学校@j教材 |
| 690 | @aTP368.1@v5 | |
| 701 | 0 | @a付先成@Afu xian cheng@4编著 |
| 701 | 0 | @a高恒强@Agao heng qiang@4编著 |
| 701 | 0 | @a蔡红娟@Acai hong juan@4编著 |
| 801 | 0 | @aCN@c20160515 |
| 905 | @a河南城建学院图书馆@dTP368.1@eF831 | |
| 单片机原理与C语言程序设计/付先成, 高恒强, 蔡红娟编著.-武汉:华中科技大学出版社,2015.8 |
| 208页:图;26cm.-(普通高等学校机械专业卓越工程师教育培养计划系列教材) |
| 使用对象:可作为高等院校机械、电子、控制、计算机等专业的单片机课程教材, 也可供从事单片机应用与产品开发的工程技术人员参考 |
| ISBN 978-7-5680-0851-8:CNY28.00 |
| 本书通篇以C语言为编程实例, 以89C51单片机为核心, 系统介绍单片机原理及其接口技术的教材。内容包括89C51单片机的硬件结构、指令系统、C语言程序设计、定时器/计数器、中断系统、串行通讯、并行总线扩展、键盘与显示接口、A/D与D/A接口, 以及单片机应用系统设计实例。本着使读者能够快速掌握单片机基本知识、培养实际应用开发能力, 本书力求在内容取舍、编排顺序、问题阐述和教学方法上有所改进。为此, 第5-8章内容都采用了渐进式的结构安排, 帮助学生对知识的理解; 通过引入C语言程序设计和实例分析, 培养学生的实际应用开发能力; 同时也注重新技术的介绍, 引入了彩色液晶接口技术, 为现代智能显示终端的接口应用提供了很好的参考。 |
| ● |
| 相关链接 |
|
|
|
正题名:单片机原理与C语言程序设计
索取号:TP368.1/F831
 
预约/预借
| 序号 | 登录号 | 条形码 | 馆藏地/架位号 | 状态 | 备注 |
| 1 | 1251965 | 212519657 | 自科二线404/404自科库 18排2列6层/ [索取号:TP368.1/F831] | 在馆 | |
| 2 | 1251966 | 212519666 | 自科库301/301自科库 62排5列5层/ [索取号:TP368.1/F831] | 在馆 | |
| 3 | 1251967 | 212519675 | 自科库301/301自科库 62排5列5层/ [索取号:TP368.1/F831] | 在馆 |